000 00357pab a2200157 454500
008 180718b2008 xxu||||| |||| 00| 0 eng d
100 _aPathak, Dev N.
245 _aQuotidian consequences of terror-strikes
260 _c2008
300 _ap.24-26.
362 _a11 Oct
650 _aTerrorism
773 _aMainstream
908 _aN
909 _a79929
999 _c79929
_d79929